000 00851nam a2200181Ia 4500
008 100920s9999 xx 000 0 und d
082 _b53258
_a51 थ 88
100 _aसामंत बाळ.
245 _aतो राजहंस एक ! (नटसम्राट बालगंधर्व यांचे चरित्र).
260 _bश्रीविद्या प्रकाशन, पुणे 30.
_c1988
300 _a358
_bसाधी
365 _b90
520 _aचरित्र.
630 _aतो राजहंस एक ! (नटसम्राट बालगंधर्व यांचे चरित्र).
650 _aचरित्र.
730 _aतो राजहंस एक ! (नटसम्राट बालगंधर्व यांचे चरित्र).
942 _cBOOK
999 _c698392
_d698389